|
|
|
|
| LEADER |
00000cam a2200000 a 4500 |
| 001 |
vtls009853914 |
| 003 |
SK-MaSNL |
| 005 |
20260331205215.0 |
| 008 |
251120s2006 xo a rj f000 0 slo |
| 013 |
|
|
|a 285095
|b gw
|c patent
|d 20060601
|e dátum nadobudnutia účinkov patentu (Vestník ÚPV SR č.: 6/2006)
|d 20060518
|e dátum sprístupnenia patentu
|
| 013 |
|
|
|a 1236-97
|e číslo prihlášky
|d 19970912
|e dátum podania prihlášky
|d 19980408
|e dátum zverejnenia prihlášky (Vestník ÚPV SR č.: 04/1998)
|
| 013 |
|
|
|a 196 37 858.3
|e číslo prioritnej prihlášky
|d 19960917
|e dátum podania prioritnej prihlášky
|b DE
|e kód krajiny prioritnej prihlášky
|
| 015 |
|
|
|a SNBN2015
|
| 035 |
|
|
|a (SVKBBclas03)vtls000242909
|
| 040 |
|
|
|a SNK
|b slo
|c SNK
|e AACR2
|
| 041 |
0 |
|
|a slo
|
| 044 |
|
|
|a xo
|c SK
|
| 072 |
|
7 |
|a 692
|x Konštrukčné prvky a časti stavieb
|2 konspekt
|
| 072 |
|
7 |
|a 69
|x Stavebníctvo
|2 konspekt
|
| 080 |
|
|
|a 692.81
|2 2001
|
| 080 |
|
|
|a 692.82
|2 2001
|
| 080 |
|
|
|a 692.23
|2 2001
|
| 080 |
|
|
|a 69:005.936.43
|2 2001
|
| 084 |
|
|
|a E06B 3/04
|2 IPC
|
| 084 |
|
|
|a F16S 3/00
|2 IPC
|
| 100 |
1 |
|
|a Habicht, Siegfried
|4 org
|9 408778
|
| 245 |
1 |
0 |
|a Tepelne izolovaný spojený profil na dvere, okná alebo fasády
|c Siegfried Habicht, Andreas Freier, Eitel-Friedrich Höcker ; patent. zást. Marián Bezák
|
| 260 |
|
|
|a [Banská Bystrica]
|b Úrad priemyselného vlastníctva SR
|c [2006]
|
| 300 |
|
|
|a 11 s.
|b obr.
|c 30 cm
|
| 650 |
0 |
7 |
|a dvere
|2 SNKPH
|9 24258
|
| 650 |
0 |
7 |
|a okná
|2 SNKPH
|9 21896
|
| 650 |
0 |
7 |
|a fasády
|2 SNKPH
|9 26054
|
| 650 |
0 |
7 |
|a Doors
|2 SNKPHeng
|9 305702
|
| 650 |
0 |
7 |
|a Microsoft Windows
|2 SNKPHeng
|9 3939
|
| 650 |
0 |
7 |
|a Facades
|2 SNKPHeng
|9 334072
|
| 650 |
0 |
7 |
|a stavebné výrobky
|2 SNKPH
|9 66020
|
| 650 |
0 |
7 |
|a Building products
|2 SNKPHeng
|9 322681
|
| 655 |
|
7 |
|a patenty
|2 SNKPH
|9 177343
|
| 655 |
|
7 |
|a patent licenses
|2 SNKPHeng
|9 303430
|
| 700 |
1 |
|
|a Freier, Andreas
|4 org
|9 408779
|
| 700 |
1 |
|
|a Höcker, Eitel-Friedrich
|4 org
|9 408780
|
| 700 |
1 |
|
|a Bezák, Marián
|4 oth
|9 320423
|
| 710 |
2 |
|
|a Schüco International KG (Bielefeld, Nemecko)
|4 pth
|9 321658
|
| 999 |
|
|
|c 659343
|d 661273
|
| 952 |
|
|
|a SNK
|b SNK
|y PREZ
|7 0
|p 17A0516752
|o snkSK 285095
|i snk2006/14309
|8 0
|0 0
|1 0
|4 0
|d 2006-07-19
|l 0
|r 2026-02-23 18:49:18
|w 2026-02-23
|